[Event "SVE Seniors op 2nd"]
[Site "Eidelstedt"]
[Date "2019.07.31"]
[Round "6"]
[White "Hecht, Horst"]
[Black "Stave, Klaus"]
[Result "0-1"]
[WhiteElo "1279"]
[BlackElo "1492"]
[PlyCount "38"]
[EventDate "2019.07.15"]
[EventType "swiss"]
[EventRounds "7"]
[EventCountry "GER"]
[SourceTitle "EXT 2020"]
[Source "ChessBase"]
[SourceDate "2019.10.17"]
[SourceVersion "1"]
[SourceVersionDate "2019.10.17"]
[SourceQuality "1"]

1. d4 d5 2. c4 Nf6 3. Nc3 c6 4. a4 a5 5. Bf4 Nbd7 6. Nf3 e6 7. c5 b6 8. Ne5 Bb7 9. Nxd7 Nxd7 10. Qb3 Ba6 11. Bd6 Bc4 12. Qa3 g6 13. b3 Ba6 14. Bxf8 Nxf8 15. g3 Nd7 16. Qb2 bxc5 17. dxc5 Nxc5 18. Qa3 Qd6 19. Rd1 Nd3+ 0-1

[Event "Hamburg-ch Seniors 65+"]
[Site "Hamburg"]
[Date "2018.11.06"]
[Round "7"]
[White "Stave, Klaus"]
[Black "Bartlitz, Heinz"]
[Result "1/2-1/2"]
[WhiteElo "1475"]
[BlackElo "1620"]
[PlyCount "58"]
[EventDate "2018.10.31"]
[EventType "swiss"]
[EventRounds "9"]
[EventCountry "GER"]
[SourceTitle "CBM 189 Extra"]
[Source "ChessBase"]
[SourceDate "2019.05.31"]
[SourceVersion "1"]
[SourceVersionDate "2019.05.31"]
[SourceQuality "1"]

1. e4 d6 2. d4 Nf6 3. Nc3 c6 4. Nf3 Bg4 5. Be2 e6 6. 0-0 d5 7. exd5 exd5 8. Re1 Be7 9. h3 Bh5 10. Bg5 0-0 11. Nh4 Bxe2 12. Qxe2 Re8 13. Bxf6 gxf6 14. Nf5 Kh8 15. Nh6 Kg7 16. Nf5+ Kh8 17. Qf3 Bf8 18. Re2 Rxe2 19. Nxe2 Na6 20. a3 Nc7 21. Neg3 Ne6 22. h4 Ng7 23. Re1 Nxf5 24. Qxf5 Bg7 25. Nh5 Qd6 26. Re3 a5 27. Rg3 Rg8 28. Qg4 Qf8 29. Nxg7 Rxg7 1/2-1/2

[Event "Hamburg-ch Seniors 23rd"]
[Site "Hamburg"]
[Date "2016.11.02"]
[Round "1"]
[White "Zechel, Rolf Ruediger"]
[Black "Stave, Klaus"]
[Result "1-0"]
[WhiteElo "1669"]
[BlackElo "1575"]
[PlyCount "71"]
[EventDate "2016.11.02"]
[EventType "swiss"]
[EventRounds "9"]
[EventCountry "GER"]
[SourceTitle "EXT 2019"]
[Source "ChessBase"]
[SourceDate "2018.10.10"]
[SourceVersion "1"]
[SourceVersionDate "2018.10.10"]
[SourceQuality "1"]

1. d4 Nf6 2. c4 g6 3. Nc3 Bg7 4. e4 d6 5. f3 0-0 6. Be3 e5 7. Nge2 b6 8. Qd2 Ba6 9. Ng3 Nbd7 10. 0-0-0 c6 11. h4 h5 12. Bd3 c5 13. d5 Rb8 14. Nge2 Kh7 15. Rdg1 Rh8 16. g4 Kg8 17. gxh5 Nxh5 18. Kb1 Qf6 19. Rf1 Nf4 20. Nxf4 exf4 21. Bxf4 Rxh4 22. Bg5 Rxh1 23. Bxf6 Rxf1+ 24. Bxf1 Bxf6 25. Nb5 Ne5 26. Qf4 Kg7 27. b3 Rh8 28. Bg2 Rh4 29. Qg3 Bxb5 30. cxb5 Be7 31. Kc2 c4 32. bxc4 Nxc4 33. Kc3 Ne3 34. Qf2 Bg5 35. f4 Bxf4 36. Qxh4 1-0